Киевское Свято-Владимирское братство ревнителей православия в 1903 году (39-й от основания Братства)

RUSMARC
00005219cac2a2200000 x 450
0010b97c4a1-ab1c-4cc7-9f70-639883936208
00520160523122948.0
100##$a20160216l19051905k l0rusy0189 ca
1010#$arus
102##$aRU
2001#$aКиевское Свято-Владимирское братство ревнителей православия в 1903 году (39-й от основания Братства)
251##$cДело
801#0$aRU
$bРГИА
$c20160216
$gRCR
801#1$aRU
$bГлавНИВЦ
$c20160216
$2rusmarc
801#2$aRU
$bПБ им. Б.Н. Ельцина
$c20160331
$gRCR
$2rusmarc
850##$aРГИА
852##$aРГИА
$eФедеральное казенное учреждение "Российский государственный исторический архив" (РГИА)
$j5205
937##$hРГИА
$d12201150
$aASBIBLIO_SCAN
215##$a23 с.
$d22х15 см
2101#$aКиев
$cТипография Императорского университета святого Владимира
$cАкционерное общество Н. Т. Корчак-Новицкого
$d1905
105##$ay###
1222#$ad
461#0$10012640edd5-2044-417d-b282-4ec02c959e00
$12001
$aДублетный фонд НСБ
$1251
$cФонд
$1852
$j0
462#0$100101f3c915-c163-4bd9-8823-fd1c871481a4
$12001
$aДублетный фонд Библиотеки
$vД. 5205
$1251
$cОпись
$1852
$j1
$lД
035##$a0b97c4a1-ab1c-4cc7-9f70-639883936208
60102$aКиевское Свято-Владимирское епархиальное братство
$jОтчеты
$2prlib_sh
$3LIBNET\UAF\0000062721
605##$2acquisition_Prlib
$3DITM\AF\0000003834
$aНарод
$lколлекция
605##$2acquisition_Prlib
$3DITM\AF\0000004675
$aТерритория
$lколлекция
605##$2acquisition_prlib
$3LIBNET\UAF\0000061920
$aСинод в истории российской государственности
$lколлекция
617##$2prlib_sh
$aУкраина
617##$2prlib_sh
$cКиевская губерния
686##$2rubbk
$a86.372.24-35л
$vLBC/M
71002$3RU\NLR\AUTH\889963953
$aКиевское Свято-Владимирское епархиальное братство
8564#$uhttp://www.prlib.ru/Lib/pages/item.aspx?itemid=138292
Формат отображения